Statistics for 10 Most powerful Movie Villians

Click here to take the quiz!

General Stats

  • This quiz has been taken 58 times
  • The average score is 2 of 10

Answer Stats

HintAnswer% Correct
ClownPennywise
75%
Dark arts snake boy.Lord Voldemort / He who must not be named / Tom Marvolo Riddle
69%
The Eye-GuySauron
19%
The person who invades darts.Darth Vader
11%
“It was your life that taught me the purpose of life. The purpose of life is to end.”Agent Smith
3%
Banning Christmas and casting place into endless winters is really not the way to go...Jadis The White Witch
3%
'Gathering' and 'The prize'The Kurgan
3%
You may say I’m a dreamer, but I’m not the only one,”Freddy Krueger
0%
Suspended Animation for 300 yearsKhan
0%
Persian psycopathKing Xerxes
0%

Score Distribution

Percentile by Number Answered

Percent of People with Each Score

Your Score History

You have not taken this quiz